Longest Asia Songs - Statistics

General Stats
  • This quiz has been taken 6 times
  • The average score is 21 of 27
Answer Stats
Hint Answer % Correct
7:17 Blue Moon Monday
100%
6:18 Darkness Day
100%
8:13 Free
100%
8:00 Gravitas: (i) Lento / (ii) Gravitas
100%
6:01 Long Way From Home
100%
6:24 Midnight
100%
8:13 Parallel Worlds / Vortex / Déyà
100%
7:30 Ready To Go Home / Free
100%
8:10 Sleeping Giant / No Way Back / Reprise
100%
9:09 The Day Before the War
100%
7:07 U Bring Me Down
100%
6:01 Bury Me in Willow
67%
6:00 Face on the Bridge
67%
6:31 Hands of Time
67%
7:22 Innocence
67%
6:42 Kings of the Day
67%
6:44 Never The Way
67%
6:36 No Religion
67%
6:26 On the Coldest Day in Hell
67%
6:25 Open Your Eyes
67%
6:53 Rock and Roll Dream
67%
6:04 Silent Nation
67%
20:54 The Bridge
67%
6:47 Tomorrow the World
67%
6:48 Gone Too Far
33%
6:38 The Closer I Get To You
33%
6:52 Video Killed The Radio Star
33%
No matching quizzes found
Score Distribution
Percent of People with Each Score
Percentile by Number Answered
Your Score History
You have not taken this quiz